000 00615nam a2200217Ii 4500
001 5061
003 CO-ViMGA
008 241108s9999||||xx |||||||||||||| ||und||
020 _a9589083056
040 _aCO-ViMGA
_bspa
_erda
_cCO-ViMGA
041 0 _aunk
082 0 4 _a759.9861 C61o
100 1 _aCobo Borda, Juan Gustavo
_954000
245 1 0 _aObregon
264 1 _a[Lugar de publicación no identificado] : La Rosa, 1985
300 _avolumen
336 _atext
_btxt
_2rdacontent
337 _aunmediated
_bn
_2rdamedia
338 _avolume
_bnc
_2rdacarrier
940 _aidficha_siabuc: 4932. -- ficha_no_siabuc:5061
999 _c50835
_d50835